The John Stevens Shop : Stone carving & lettering.

Saved in:
Bibliographic Details
Corporate Author: John Stevens Shop (Newport, R.I.)
Format: Book
Language:English
Published: [Newport, R.I. : s.n.; 19--]
Subjects:
Tags: Add Tag
No Tags, Be the first to tag this record!
LEADER 00594nam a2200217Ia 4500
001 007729863-2
005 20020606104010.5
008 810908q19001981riua 000 0 eng d
035 0 |a ocm07743139 
040 |a BAT  |c BAT  |d HHG 
050 4 |a NK8705  |b .J7 
090 |a NK8705  |b .J7 
110 2 |a John Stevens Shop (Newport, R.I.) 
245 1 4 |a The John Stevens Shop :  |b Stone carving & lettering. 
260 |a [Newport, R.I. :  |b s.n.;  |c 19--] 
300 |a [12] p. :  |b chiefly ill. ;  |c 22 cm. 
500 |a Cover title. 
650 0 |a Stone carving. 
650 0 |a Lettering. 
988 |a 20020608 
906 |0 OCLC